[Event "Universitarios Oriente zt 28th"]
[Site "Bogota"]
[Date "2019.04.06"]
[Round "1.9"]
[White "Gonzalez Delgado, Hugo Andres"]
[Black "Rubio Velazco, Carlos Jose"]
[Result "1-0"]
[WhiteElo "1871"]
[BlackElo "1548"]
[PlyCount "47"]
[EventDate "2019.04.06"]
[EventType "swiss"]
[EventRounds "6"]
[EventCountry "COL"]
[SourceTitle "EXT 2024"]
[Source "ChessBase"]
[SourceDate "2023.10.10"]
[SourceVersion "1"]
[SourceVersionDate "2023.10.10"]
[SourceQuality "1"]

1. e4 c5 2. Nc3 d6 3. Bb5+ Nd7 4. a4 a6 5. Bc4 e6 6. f4 g6 7. Nf3 Bg7 8. 0-0 Ne7 9. d3 Qc7 10. Qe1 b6 11. f5 Ne5 12. Nxe5 Bxe5 13. Qh4 exf5 14. Bg5 f6 15. Bxf6 Bxf6 16. Qxf6 Rf8 17. Qh4 Bb7 18. exf5 0-0-0 19. Be6+ Kb8 20. f6 Nf5 21. Bxf5 gxf5 22. Rxf5 Rf7 23. Nd5 Bxd5 24. Rxd5 1-0